000 00538nam a2200145Ia 4500
999 _c27112
_d27112
041 _aEnglish
082 _aRH.0065
100 _aHassan, Sofiya
_uUniversity of Kashmir
245 0 _aEducation status of scheduled tribes: attainments and challenges :
_bJammu and Kashmir report /
_cSofiya Hassan
260 _aNew Delhi :
_bIndian Council of Social Science Research,
_c2012
300 _a233p.
650 _aScheduled tribes in India--Social conditions
_zIndia
_zJammu and Kashmir
650 _aDalits--Social conditions
942 _2ddc
_cBK